Tous les clubs anglais ayant participés à la Ligue des Champions - Statistiques

Statistiques générales
  • Ce quiz a été pris 220 fois
  • Le résultat moyen est 12 sur 17
Statistiques - réponses
1ère participation Dernière participation Nombres de participations Clubs % Correct
1964-65 2024-25 28 Liverpool
100%
1971-72 2024-25 23 Arsenal
99%
2011-12 2024-25 14 Manchester City
99%
1956-57 2023-24 31 Manchester United
99%
1999-2000 2022-23 19 Chelsea
98%
1961-62 2022-23 7 Tottenham
94%
1981-82 2024-25 3 Aston Villa
90%
2016-17 2016-17 1 Leicester
89%
1978-79 1980-81 3 Nottingham Forest
89%
1997-98 2023-24 3 Newcastle
80%
1970-71 1985-86 2 Everton
66%
1969-70 2000-01 4 Leeds
63%
1995-96 1995-96 1 Blackburn Rovers
44%
1958-59 1959-60 2 Wolves
26%
1960-61 1960-61 1 Burnley
23%
1962-63 1962-63 1 Ipswich Town
23%
1972-73 1975-76 2 Derby County
15%
Aucun quiz correspondant
Distribution des résultats
% des personnes avec chaque résultat
Percentile par nombre de réponses
Votre historique - résultats
Vous n’avez pas pris ce quiz